| 000 | 00461nam a2200181Ia 4500 | ||
|---|---|---|---|
| 003 | LK-CoDNM | ||
| 008 | 010623t1918 xxu||||| |||| 00| 1 sin d | ||
| 040 |
_aLK-CoDNM _dLK-CoDNM _eLK-CoDNM |
||
| 041 | _asin | ||
| 080 | _a104 B 20 | ||
| 100 |
_aJayasooriya,Charles _eed. |
||
| 245 | _aබාලබෝධනය | ||
| 246 | _aBalabodhanaya | ||
| 260 |
_bBastian Co. _aColombo _c1918 |
||
| 300 | _b34p, 21 cm | ||
| 650 | _aParani Sinhala Kavi Poth | ||
| 942 | _cBK | ||
| 999 |
_c89538 _d89538 |
||